LIBRARY & INFORMATION CENTRE, KCAET, TAVANUR

ONLINE PUBLIC ACCESS CATALOGUE (OPAC)

Soil less estimation and spatial mapping using RUSLE and GIS- A case study in Kurumanpuzha sub watershed of Chaliyar river basin (Record no. 17517)

MARC details
000 -LEADER
fixed length control field 00478nam a22001457a 4500
003 - CONTROL NUMBER IDENTIFIER
control field OSt
082 ## - DEWEY DECIMAL CLASSIFICATION NUMBER
Classification number 631.45
Item number AIS/SO
088 ## - REPORT NUMBER
Report number T 538
100 ## - MAIN ENTRY--AUTHOR NAME
Personal name Aishwarya M S
245 ## - TITLE STATEMENT
Title Soil less estimation and spatial mapping using RUSLE and GIS- A case study in Kurumanpuzha sub watershed of Chaliyar river basin
260 ## - PUBLICATION, DISTRIBUTION, ETC. (IMPRINT)
Place of publication Tavanur
Name of publisher Department of Irrigation and Drainage Engineering
Year of publication 2022
300 ## - PHYSICAL DESCRIPTION
Number of Pages 142p
Accompanying material CD included
700 ## - ADDED ENTRY--PERSONAL NAME
Personal name Rema K P (Guide)
942 ## - ADDED ENTRY ELEMENTS (KOHA)
Koha item type Theses
Holdings
Collection code Home library Current library Shelving location Full call number Accession Number Koha item type Public note
Reference KAUAET KAUAET Reference 631.45 AIS/SO T 538 Theses M.Tech Thesis
free website counter